00583nam a22001337a 4500008004100000020001500041082001800056100003200074245002100106260006900127300003700196505016900233650004700402190601b xxu||||| |||| 00| 0 eng d a1560987049 a709.04bO438i aNicolas De Oliveira et all. aInstallation Art aEstados Unidos de AméricabSmithsonian Institution Pressc1996 a208 p.bill (col).c27,5 x 23 cm tPrefacetForewordtTowards InstallationtTHE PLATES: Site / MEdia / Museum / ArchitecturetNotes on the texttChronologytBibliographytList of illustrationstIndex 2Arte contemporáneovArte - instalaciones